Investigations into Syncytium Formation in Cultures of Stable Cell Lines Infected with Parainfluenza 1 Virus : IV. Cytochemical Studies on the Formation of A and В Type Syncytia

Bibliographic Details
Main Authors: Gorbunova, A. S. (Author), Yershov, F. I (Author), HO YUN-DE (Author)
Format: Article
Language:English

MARC

LEADER 00000nab a2200000ua 4500
001 vtls010804672
003 SK-MaSNL
005 20260303223055.0
008 230222s1963 xo |||||||||||||||||eng|
035 |a (urnnbn)urn:nbn:sk:snk:ar-a02amx 
035 |a (uuid)e0078ada-88ac-4430-adcd-4c9f9583e45d 
035 |a urn:nbn:sk:snk-ab4jbv 
040 |a SNKBUCL  |b slo  |c SNKBUCL  |e AACR2 
041 0 |a eng 
044 |a xo  |c SK 
100 1 |a Gorbunova, A. S.  |4 aut  |9 1250636 
245 1 0 |a Investigations into Syncytium Formation in Cultures of Stable Cell Lines Infected with Parainfluenza 1 Virus :  |b IV. Cytochemical Studies on the Formation of A and В Type Syncytia  |c A. S. Gorbunova, F. I. Yershov, Ho Yun-De 
700 1 |a Yershov, F. I  |4 aut  |9 1206985 
700 1 |a HO YUN-DE  |4 aut  |9 1257291 
773 0 |t Acta virologica  |g Roč. 7, č. 4 (1963), s. 316-[321c] 
958 |a OND 
958 |a EUIPO 
958 |a article3 
999 |c 2245721  |d 2247651